[Event "FIDE Zonal 2.5 Open 2019"]
[Site "Montevideo"]
[Date "2019.04.14"]
[Round "3.25"]
[White "Reolon, Victor"]
[Black "Palacio, Enzo"]
[Result "1-0"]
[WhiteElo "1659"]
[BlackElo "1745"]
[Annotator "NA RC"]
[PlyCount "93"]
[EventDate "2019.04.13"]
[EventType "swiss"]
[EventCountry "URU"]
[SourceTitle "playchess.com"]
[Source "ChessBase"]
[SourceQuality "1"]
[TimeControl "40/5400+30:1800+30"]

1. d4 {[%emt 0:00:00]} Nf6 {[%emt 0:00:00]} 2. c4 {[%emt 0:00:00]} g6 {[%emt 0:00:00]} 3. g3 {[%emt 0:00:48]} Bg7 {[%emt 0:00:00]} 4. Bg2 {[%emt 0:00:09]} O-O {[%emt 0:00:00]} 5. e3 {[%emt 0:01:02]} c6 {[%emt 0:03:23]} 6. Nf3 {[%emt 0:03:24]} d5 {[%emt 0:00:11]} 7. Nc3 {[%emt 0:02:11]} Nbd7 {[%emt 0:21:08]} 8. b3 {[%emt 0:06:43]} e6 {[%emt 0:00:53]} 9. O-O {[%emt 0:02:26]} c5 {[%emt 0:02:39]} 10. Bb2 {[%emt 0:11:28]} cxd4 {[%emt 0:08:32]} 11. exd4 {[%emt 0:04:14]} Nb6 {[%emt 0:00:57]} 12. c5 {[%emt 0:01:54]} Nbd7 {[%emt 0:00:05]} 13. b4 {[%emt 0:02:41]} Nb8 {[%emt 0:05:10]} 14. b5 {[%emt 0:08:25]} Bd7 {[%emt 0:00:40]} 15. Ne5 {[%emt 0:02:39]} Ne8 {[%emt 0:02:50]} 16. f4 {[%emt 0:06:27]} Nc7 {[%emt 0:00:34]} 17. a4 {[%emt 0:06:12]} h5 {[%emt 0:03:38]} 18. Ba3 {[%emt 0:02:26]} h4 {[%emt 0:01:09]} 19. Qg4 {[%emt 0:05:14]} hxg3 {[%emt 0:01:05]} 20. hxg3 {[%emt 0:03:56]} a6 {[%emt 0:00:05]} 21. b6 {[%emt 0:07:26]} Ne8 {[%emt 0:00:16]} 22. c6 {[%emt 0:05:15]} Nxc6 {[%emt 0:00:02]} 23. Bxf8 {[%emt 0:00:29]} Kxf8 {[%emt 0:00:10]} 24. Nxd5 {[%emt 0:00:55]} Nxe5 {[%emt 0:01:15]} 25. fxe5 {[%emt 0:01:09]} exd5 {[%emt 0:00:36]} 26. Qxg6 {[%emt 0:01:08]} Nf6 {[%emt 0:03:15]} 27. Rxf6 {[%emt 0:02:13]} Bxf6 {[%emt 0:00:16]} 28. Qxf6 {[%emt 0:02:09]} Qxf6 {[%emt 0:01:15]} 29. exf6 {[%emt 0:00:02]} Bc6 {[%emt 0:00:09]} 30. Kf2 {[%emt 0:01:45]} Rd8 {[%emt 0:01:07]} 31. Rh1 {[%emt 0:00:43]} Kg8 {[%emt 0:00:03]} 32. a5 {[%emt 0:04:22]} Rd6 {[%emt 0:01:50]} 33. Rh6 {[%emt 0:00:25]} Bd7 {[%emt 0:00:07]} 34. Bf3 {[%emt 0:00:48]} Be6 {[%emt 0:00:31]} 35. Rh5 {[%emt 0:01:48]} Rc6 {[%emt 0:03:36]} 36. Bxd5 {[%emt 0:01:17]} Bxd5 {[%emt 0:00:18]} 37. Rxd5 {[%emt 0:00:17]} Rxf6+ {[%emt 0:00:01]} 38. Ke3 {[%emt 0:00:26]} Rf1 {[%emt 0:01:44]} 39. Rd7 {[%emt 0:00:38]} Ra1 {[%emt 0:00:06]} 40. Rxb7 {[%emt 0:00:26]} Rxa5 {[%emt 0:00:03]} 41. Rc7 {[%emt 0:32:35]} Rb5 {[%emt 0:30:21]} 42. b7 {[%emt 0:00:12]} Kg7 {[%emt 0:00:03]} 43. d5 {[%emt 0:00:24]} Kf6 {[%emt 0:00:16]} 44. d6 {[%emt 0:00:49]} a5 {[%emt 0:00:13]} 45. d7 {[%emt 0:00:42]} Ke7 {[%emt 0:00:06]} 46. d8=Q+ {[%emt 0:01:24]} Kxd8 {[%emt 0:00:09]} 47. Rc8+ {[%emt 0:00:08]} 1-0

[Event "FIDE Zonal 2.5 Open 2019"]
[Site "Montevideo"]
[Date "2019.04.14"]
[Round "3.26"]
[White "Campora, Edgardo"]
[Black "Romero, Robert"]
[Result "1-0"]
[WhiteElo "1705"]
[BlackElo "1599"]
[Annotator "NA RC"]
[PlyCount "65"]
[EventDate "2019.04.13"]
[EventType "swiss"]
[EventCountry "URU"]
[SourceTitle "playchess.com"]
[Source "ChessBase"]
[SourceQuality "1"]
[TimeControl "40/5400+30:1800+30"]

1. e4 c5 {[%emt 0:00:00]} 2. Nf3 {[%emt 0:01:49]} d6 {[%emt 0:00:40]} 3. c3 {[%emt 0:03:00]} e6 4. d4 cxd4 {[%emt 0:00:50]} 5. cxd4 {[%emt 0:00:35]} Nf6 6. Bd3 {[%emt 0:02:13]} Be7 {[%emt 0:00:25]} 7. Nc3 {[%emt 0:02:28]} O-O 8. Bf4 b6 {[%emt 0:04:14]} 9. Rc1 {[%emt 0:04:03]} Bb7 {[%emt 0:00:10]} 10. Qe2 {[%emt 0:00:19]} Re8 {[%emt 0:07:26]} 11. O-O {[%emt 0:07:17]} Nbd7 12. Nb5 {[%emt 0:08:42]} Nf8 {[%emt 0:03:53]} 13. Nc7 {[%emt 0:01:15]} Ng6 {[%emt 0:25:34]} 14. Bd2 {[%emt 0:22:49]} Nh5 {[%emt 0:08:54]} 15. Bb1 {[%emt 0:03:08]} Nf6 {[%emt 0:00:46]} 16. Nxe8 {[%emt 0:03:11]} Qxe8 {[%emt 0:00:57]} 17. Rfe1 {[%emt 0:07:58]} a5 {[%emt 0:04:43]} 18. Bd3 d5 19. e5 {[%emt 0:10:40]} Ne4 {[%emt 0:00:37]} 20. Bb5 {[%emt 0:00:06]} Qd8 {[%emt 0:06:11]} 21. Rc2 Nh4 22. Nxh4 {[%emt 0:11:45]} Bxh4 {[%emt 0:00:37]} 23. g3 {[%emt 0:00:04]} Be7 {[%emt 0:00:07]} 24. Be3 {[%emt 0:00:09]} g6 {[%emt 0:02:24]} 25. f3 Ng5 26. h4 {[%emt 0:01:12]} Ne4 {[%emt 0:09:53]} 27. fxe4 {[%emt 0:00:18]} dxe4 {[%emt 0:00:06]} 28. Rec1 {[%emt 0:01:19]} Bd5 {[%emt 0:01:22]} 29. Bc6 Rb8 30. Bxd5 {[%emt 0:02:42]} exd5 {[%emt 0:03:55]} 31. Bh6 {[%emt 0:00:30]} f5 32. e6 {[%emt 0:01:11]} Bd6 {[%emt 0:06:46]} 33. Qa6 {[%emt 0:00:18]} 1-0

[Event "FIDE Zonal 2.5 Open 2019"]
[Site "Montevideo"]
[Date "2019.04.15"]
[Round "4.1"]
[White "Cubas, Jose Fernando"]
[Black "Mareco, Sandro"]
[Result "0-1"]
[WhiteElo "2505"]
[BlackElo "2651"]
[Annotator "TA"]
[PlyCount "74"]
[EventDate "2019.04.13"]
[EventType "swiss"]
[EventCountry "URU"]
[SourceTitle "playchess.com"]
[Source "ChessBase"]
[SourceQuality "1"]

{[%evp 12,74,39,8,8,7,24,-15,-15,-15,-11,-15,-12,-278,-284,-266,-262,-259,-271,-251,-255,-364,-347,-435,-425,-558,-537,-519,-410,-387,-389,-547,-551,-575,-548,-639,-637,-622,-613,-684,-691,-682,-682,-664,-662,-679,-673,-655,-665,-1035,-1015,-1416,-1396,-936,-922,-5506,-5497,-5497,-5497,-29988,-29989,-29989,-29990,-29990,-29991]} 1. e4 c5 2. Nf3 e6 3. d4 cxd4 4. Nxd4 Nc6 5. Nc3 Qc7 6. f4 a6 7. Nxc6 bxc6 {[%cal Bb7c6,Bc6c5,Bc5c4][%mdl 32] B47: Sicilian: Taimanov: 5 Nc3 Qc7 6 f4, 6 g3 and 6 Be2} (7... Qxc6 8. Bd3 b5 9. Qe2 Bb7 10. Bd2 Bc5 11. O-O-O Ne7 12. a3 O-O 13. Qh5 f6 14. Rhf1 Rf7 15. g4 b4 16. axb4 Bxb4 17. e5 f5 18. Rg1 Rc8 {0-1 (53) Saric,I (2669)-Harikrishna,P (2744) Riadh 2017}) 8. Bd3 d5 9. e5 c5 $146 {The position is equal.} ({Predecessor:} 9... Bc5 10. Na4 Ba7 11. c4 Ne7 12. b3 dxc4 13. bxc4 Nf5 14. Bxf5 exf5 15. Bd2 {½-½ (49) Da Matta,E (1960)-De Carvalho,J (2174) Pocos de Caldas 2019}) 10. b3 Bb7 11. Qe2 Nh6 12. g4 $2 {[%mdl 8192] [#]} (12. O-O $11) 12... c4 $1 $19 {[%cal Rc4d3][%mdl 512]} 13. bxc4 {[#]} Bb4 $1 {[%cal Rb4c3]} ({Stronger than} 13... d4 14. Ne4 $16) 14. Bd2 Bxc3 15. Bxc3 {[#]} d4 $1 {[%mdl 576] Discovered Attack} 16. Bb4 (16. Bxd4 $142 Bxh1 17. h3) 16... Bxh1 17. Kd2 Qb7 {White must now prevent ...Bf3.} 18. a3 {Now Rxh1 and White clings on.} Bf3 {[%mdl 64] Double Attack} 19. Qf2 Rd8 20. h3 Be4 21. Bd6 (21. Rf1 $142) 21... Bxd3 22. Kxd3 f6 23. Qxd4 fxe5 24. fxe5 Qf3+ 25. Kd2 Qg2+ 26. Kc3 Qxh3+ 27. Kb4 Nf7 28. Qe4 Qh2 29. Rd1 {Strongly threatening Qc6+.} Nxd6 30. Qc6+ Kf7 {aiming for ...Rb8+.} 31. exd6 Rb8+ 32. Kc3 Qe5+ 33. Rd4 Qe3+ 34. Rd3 Qe1+ 35. Kd4 e5+ {Black mates.} 36. Kd5 Qh1+ 37. Kc5 Rhc8 {Accuracy: White = 34%, Black = 100%.} 0-1

[Event "FIDE Zonal 2.5 Open 2019"]
[Site "Montevideo"]
[Date "2019.04.15"]
[Round "4.2"]
[White "Delgado Ramirez, Neuris"]
[Black "Roselli Mailhe, Bernardo"]
[Result "1/2-1/2"]
[WhiteElo "2616"]
[BlackElo "2454"]
[Annotator "TA"]
[PlyCount "88"]
[EventDate "2019.04.13"]
[EventType "swiss"]
[EventCountry "URU"]
[SourceTitle "playchess.com"]
[Source "ChessBase"]
[SourceQuality "1"]

{[%evp 15,88,8,12,18,25,22,39,26,37,39,58,40,52,59,62,60,57,55,154,152,147,155,169,180,149,141,174,152,145,54,62,59,54,37,83,35,75,64,72,71,134,88,88,96,192,188,186,176,200,151,144,144,156,155,169,45,291,272,247,24,26,-212,-192,-437,-428,-428,-282,-395,0,0,0,-353,0,0,0]} 1. e4 e6 2. d4 d5 3. Nc3 Bb4 4. Nge2 Nc6 5. a3 Ba5 6. e5 f6 {C15: French: 3 Nc3 Bb4: Unusual White 4th moves} 7. b4 Bb6 8. Na4 (8. b5 Nce7 9. Na4 Ba5+ 10. Bd2 Bxd2+ 11. Qxd2 fxe5 12. dxe5 Ng6 13. f4 Nxe5 14. fxe5 Qh4+ {½-½ (26) Grigoryan,K (2590)-Bernadskiy,V (2570) Ahvaz 2019}) 8... fxe5 {LiveBook: 3 Games} 9. dxe5 Qh4 10. Nxb6 axb6 11. Bb2 Nh6 $146 {And now ...0-0 would win.} ({Predecessor:} 11... Nge7 12. Qd3 Rf8 13. g3 Qh5 14. f4 Bd7 {1-0 (51) Aaron,D (2271)-Mandiza,F (2415) Arlington 2013}) 12. Qd3 O-O 13. g3 Qe7 14. Bg2 Bd7 15. O-O Na7 16. a4 c5 ({Better is} 16... b5 $14) 17. b5 $16 Be8 18. c4 Bg6 19. Qb3 d4 20. a5 Rab8 21. Nxd4 ({Resist} 21. axb6 $6 Nc8 $16) 21... cxd4 22. axb6 (22. Ba3 $1 $16 {[%cal Ra3e7]} Qd8 23. Bxf8 Qxf8 24. c5 (24. axb6 Nc8 $11) 24... bxc5 25. b6) 22... Nc8 $14 23. Ba3 {[%mdl 1024] White has compensation.} Qf7 24. c5 {c6 is the strong threat.} Rd8 25. Bc1 d3 26. Bg5 Re8 27. Ra4 Qf5 (27... Qf8 $142) 28. h4 Bh5 29. Be4 $36 {[%mdl 2112] Double Attack. White has strong initiative.} Qf7 (29... Qf8 $16) 30. Bxh6 $18 (30. Bxd3 $6 Kh8 $16) 30... gxh6 31. Qxd3 ({Don't do} 31. Bxd3 $6 Kh8 $14) 31... Ne7 32. Rd4 Bg6 33. Rd7 Bxe4 34. Qxe4 Qg6 35. Qd4 (35. Qxg6+ $1 $18 Nxg6 36. f4) 35... Nf5 $2 (35... Nd5 $14) 36. Qf4 $1 Ne7 {[%cal Bf5e7,Be7d5,Bd5e3][%mdl 32] [#]} 37. Qc4 $2 (37. h5 $1 $18 {[%cal Rh5g6][%mdl 512]} Qxh5 38. Qf6) 37... Nd5 $11 38. Rd6 $2 {[#]} (38. Rc1 $11 {and White has nothing to worry.}) 38... Ne3 $1 $19 {[%cal Re3c4][%mdl 576] Deflection} 39. fxe3 $2 (39. Qe2 Nxf1 40. Kxf1) 39... Qxg3+ {[%mdl 64] Double Attack} 40. Kh1 Qh3+ 41. Kg1 Qg3+ 42. Kh1 Qh3+ 43. Kg1 Qg3+ $2 (43... Re7 $19 44. Rf4 Rg7+ 45. Kf2 Rg2+ 46. Ke1 Qxe3+ 47. Kd1 Kh8) 44. Kh1 $11 Qh3+ {Accuracy: White = 61%, Black = 38%.} 1/2-1/2

[Event "FIDE Zonal 2.5 Open 2019"]
[Site "Montevideo"]
[Date "2019.04.15"]
[Round "4.3"]
[White "Salinas Herrera, Pablo"]
[Black "Peralta, Fernando"]
[Result "1-0"]
[WhiteElo "2483"]
[BlackElo "2572"]
[Annotator "TA"]
[PlyCount "65"]
[EventDate "2019.04.13"]
[EventType "swiss"]
[EventCountry "URU"]
[SourceTitle "playchess.com"]
[Source "ChessBase"]
[SourceQuality "1"]

{[%evp 26,65,21,0,23,12,9,0,57,55,62,45,49,36,55,25,50,47,160,82,155,137,146,135,206,214,203,189,216,179,223,245,373,262,409,414,377,306,327,274,385,385]} 1. d4 d5 2. Nf3 Nf6 3. c4 e6 4. Nc3 Bb4 5. cxd5 exd5 6. Bg5 Nbd7 7. Qc2 c5 8. e3 Qa5 9. Bd3 c4 10. Bf5 O-O 11. O-O Re8 12. Nd2 g6 13. Bh3 Kg7 14. Rae1 Nb6 {D38: Queen's Gambit Declined: Ragozin Defence (4 Nf3 Bb4)} 15. Bxc8 Raxc8 16. f3 Nfd7 {[#]} (16... Bxc3 $11 17. bxc3 h6 18. Bxf6+ Kxf6) 17. Ndb1 $146 Nf8 18. a3 Bd6 19. Qd2 Ne6 {[#]} 20. Bf6+ $1 {[%mdl 512]} Kg8 ({Avoid the trap} 20... Kxf6 $2 21. Ne4+ $1 {[%mdl 512]} dxe4 22. fxe4+ Kg7 23. Qxa5 $18) 21. f4 Nf8 {[#]} (21... Nd7 $14) 22. Be5 (22. f5 $142 $1) 22... Bc7 ({Black should play} 22... Be7) 23. g4 $16 Bd8 24. g5 Ne6 (24... Nfd7 $16) 25. Qg2 $18 Ng7 {[#]} 26. Bxg7 $1 Kxg7 27. f5 Kg8 28. Rf4 Be7 (28... Rc6 {was necessary.} 29. Ref1 Rd6) 29. Ref1 Bd6 (29... Rc6 $142 30. e4 Rd8 31. fxg6 Rxg6) 30. R4f3 Rcd8 31. Qf2 Nd7 32. Rh3 ({Don't play} 32. fxg6 $6 fxg6 33. Rf7 (33. Rh3 Rf8 $16) 33... Rf8 $18) 32... Re7 (32... Rf8 {keeps fighting.} 33. Qh4 h5 34. gxh6 Kh8) 33. Qh4 {Accuracy: White = 85%, Black = 42%.} 1-0

[Event "FIDE Zonal 2.5 Open 2019"]
[Site "Montevideo"]
[Date "2019.04.15"]
[Round "4.4"]
[White "Pichot, Alan"]
[Black "Krysa, Leandro"]
[Result "1-0"]
[WhiteElo "2566"]
[BlackElo "2498"]
[Annotator "TA"]
[PlyCount "101"]
[EventDate "2019.04.13"]
[EventType "swiss"]
[EventCountry "URU"]
[SourceTitle "playchess.com"]
[Source "ChessBase"]
[SourceQuality "1"]

{[%evp 20,101,21,13,31,40,47,46,128,117,152,146,133,52,116,112,118,82,66,59,81,0,109,122,146,0,112,83,77,18,22,27,24,25,21,21,21,21,21,22,18,18,97,106,96,11,75,0,0,0,0,0,57,53,57,56,48,55,97,95,183,184,204,203,325,221,303,284,260,260,289,231,231,231,346,342,323,231,427,402,456,435,451,443]} 1. e4 e5 2. Nf3 Nc6 3. Bb5 a6 4. Ba4 Nf6 5. O-O Be7 6. Re1 b5 7. Bb3 d6 8. c3 O-O 9. a4 b4 10. a5 Rb8 11. Bc4 Nd7 {C90: Closed Ruy Lopez with 7...d6: Early deviations} 12. Qe2 Nc5 $146 ({Predecessor:} 12... bxc3 13. dxc3 Ra8 14. Nbd2 Ncb8 15. b4 Nf6 16. Nf1 Be6 17. Ng3 Qd7 18. Bd3 Ne8 19. h3 {1-0 (51) Short,N (2575)-Ullrich,F Germany 1985}) 13. Bd5 Qe8 (13... bxc3 $14 14. dxc3 Qd7) 14. d4 $16 Nb7 {[#]} 15. Bxc6 $1 (15. Qxa6 $6 Nbxa5 16. Qd3 bxc3 $11) 15... Qxc6 16. d5 (16. dxe5 $6 Nc5 $14) (16. cxb4 $16 Qe8 17. Nc3 (17. Qxa6 Nc5 $14) (17. dxe5 dxe5 18. Bd2 Nd8 $16)) 16... Qe8 (16... Qd7 $14) 17. cxb4 f5 18. exf5 (18. Qxa6 Nc5 $17) 18... Bxf5 19. Qxa6 Qg6 $1 20. Nfd2 ({White should try} 20. Nbd2 $16) 20... Bd3 (20... Nd8 $11) 21. Qa7 {Hoping for Nc3.} Bh4 22. g3 (22. Nf3 $16 Rxf3 23. Qxb8+ Rf8 24. Qxf8+ Kxf8 25. Nc3) 22... Qf5 (22... Ra8 $1 $11 23. Qxb7 Qf5) 23. Qe3 (23. gxh4 Nc5 $17) 23... Bg5 {[#]} 24. Qf3 (24. f4 $1 $16 {[%cal Rf4g5]} exf4 25. Qe6+ Qxe6 26. dxe6) 24... Qxf3 $11 ({Of course not} 24... Bxb1 $6 25. Rxb1 Qxf3 26. Nxf3 $16) 25. Nxf3 Bxc1 26. Rxc1 {Nfd2 is the strong threat.} Rxf3 27. Rxc7 Nxa5 {White must now prevent ...Nb3.} 28. Nd2 $1 {[%cal Rd2f3] [#]} Nb3 $1 {[%mdl 512]} 29. Nxb3 Rxb4 30. Rc3 Be2 (30... e4 $11 {remains equal.}) 31. Nc1 $16 Bd1 32. Rc8+ (32. Nd3 $16 Rd4 33. Rxd1) 32... Rf8 (32... Kf7 $11 {keeps the balance.}) 33. Rc7 (33. Rxf8+ $16 Kxf8 34. Nd3 {[%mdl 64] Discovered Attack}) 33... Rxb2 34. Nd3 $36 {[%mdl 2048] White has some pressure.} Rc2 $1 {[%cal Rc2c7]} 35. Rd7 Be2 (35... Bg4 $11 36. Rxd6 e4) 36. Ne1 $14 Bg4 {[#]} 37. Rxg7+ $1 {[%mdl 512]} Kxg7 38. Nxc2 {[%mdl 4096] Endgame KRB-KRN} Bh3 39. Ne3 Rc8 (39... Rb8 $16 {was necessary.}) 40. f3 $18 h5 41. Kf2 e4 (41... Rf8 {keeps fighting.} 42. Nc4 Bg4) 42. Ra4 Rb8 {Black wants to play ...Rb2+.} 43. Rxe4 Rb2+ 44. Ke1 Kg6 45. Rh4 Bd7 46. Nc4 Rb1+ (46... Rb3 $142 47. Rf4 Rd3) 47. Kd2 Rb3 48. Rf4 Rb5 $2 (48... Bb5 49. Nxd6 Rd3+ 50. Kc2 Rxd5) 49. Rd4 Kf6 50. Ke3 Rb3+ 51. Rd3 {Accuracy: White = 67%, Black = 37%.} 1-0

[Event "FIDE Zonal 2.5 Open 2019"]
[Site "Montevideo"]
[Date "2019.04.15"]
[Round "4.5"]
[White "Tristan, Leonardo"]
[Black "Perez Ponsa, Federico"]
[Result "1/2-1/2"]
[WhiteElo "2504"]
[BlackElo "2562"]
[Annotator "TA"]
[PlyCount "24"]
[EventDate "2019.04.13"]
[EventType "swiss"]
[EventCountry "URU"]
[SourceTitle "playchess.com"]
[Source "ChessBase"]
[SourceQuality "1"]

{[%evp 9,24,0,18,10,20,16,13,16,38,0,0,0,0,0,0,0,0]} 1. d4 Nf6 2. Bf4 c5 3. e3 d5 4. Nf3 Nc6 5. Nbd2 $146 (5. c3 e6 6. Nbd2 cxd4 7. exd4 Nh5 8. Bg5 f6 9. Be3 Bd6 10. g3 O-O 11. Nh4 g6 12. Be2 Ng7 13. O-O e5 14. dxe5 fxe5 {½-½ (59) Aronian,L (2767)-Nakamura,H (2777) chess.com INT 2018}) 5... cxd4 6. exd4 {D02: 1 d4 d5 2 Nf3 sidelines, including 2...Nf6 3 g3 and 2...Nf6 3 Bf4} Bf5 7. c3 e6 8. Qb3 Bd6 9. Bxd6 Qxd6 {The position is equal.} 10. Be2 O-O 11. O-O Rab8 12. a4 h6 1/2-1/2

[Event "FIDE Zonal 2.5 Open 2019"]
[Site "Montevideo"]
[Date "2019.04.15"]
[Round "4.6"]
[White "Henriquez Villagra, Cristobal"]
[Black "Viera, Emilio"]
[Result "1-0"]
[WhiteElo "2543"]
[BlackElo "2138"]
[Annotator "TA"]
[PlyCount "65"]
[EventDate "2019.04.13"]
[EventType "swiss"]
[EventCountry "URU"]
[SourceTitle "playchess.com"]
[Source "ChessBase"]
[SourceQuality "1"]

{[%evp 10,65,36,40,51,46,36,46,36,43,40,53,53,40,40,33,36,31,51,48,68,55,49,41,36,26,64,23,82,79,85,77,87,90,107,101,85,50,53,45,138,142,422,302,285,302,358,365,581,338,621,616,616,608,593,528,568,562]} 1. Nf3 e6 2. g3 f5 3. Bg2 Nf6 4. O-O d5 5. c4 c6 6. d3 dxc4 {A10: English Opening: Unusual Replies for Black} (6... Be7 7. b3 O-O 8. Bb2 a5 9. Nc3 Na6 10. e3 Nc5 11. Qc2 Bd7 12. Ne5 Be8 13. Ne2 Nfd7 14. Rad1 Bh5 15. Nxd7 Qxd7 16. f3 Na6 {1-0 (47) Jakovenko,D (2732)-Sandipan,C (2583) Caleta 2016}) 7. dxc4 Qxd1 8. Rxd1 Bc5 {White is slightly better.} 9. a3 a5 10. Nc3 Ng4 $146 ({Predecessor:} 10... Nbd7 11. e4 Ng4 12. Rf1 O-O 13. Bf4 e5 14. Bd2 {1-0 (63) Garriga Cazorla,P (2391)-Canal Oliveras,J (2232) Barcelona 2015}) 11. Rf1 Nd7 12. Na4 Ba7 13. h3 Ngf6 14. Bf4 Ne4 15. Rad1 O-O 16. Ne5 $36 {[%mdl 2048] White is pushing.} Ndf6 17. Nd3 Re8 18. Bc7 Nd7 (18... e5 $11) 19. Bxe4 $16 fxe4 20. Ne5 Nxe5 21. Bxe5 b5 22. Nc3 e3 23. fxe3 ({Much weaker is} 23. cxb5 exf2+ 24. Kh2 cxb5 $11) 23... Bxe3+ 24. Kh2 b4 ({Better is} 24... bxc4 $14 25. Ne4 Ra7) 25. Ne4 Ba6 $2 {[%mdl 8192] [#]} (25... bxa3 $16 26. bxa3 Ba7) 26. Bxg7 $1 {[%mdl 512] aiming for Rd7.} Red8 {[#] Strongly threatening ...Rxd1.} (26... Kxg7 27. Rd7+) 27. Be5 $1 Rxd1 28. Rxd1 Ra7 (28... Rf8 {is a better defense.} 29. axb4 axb4) 29. axb4 axb4 $2 (29... h6 30. bxa5 Bxc4) 30. Rd8+ $18 {White is clearly winning.} Kf7 31. Nd6+ Ke7 32. Re8+ Kd7 {With the idea ...Bc5.} 33. Rh8 {Accuracy: White = 82%, Black = 32%.} 1-0

[Event "FIDE Zonal 2.5 Open 2019"]
[Site "Montevideo"]
[Date "2019.04.15"]
[Round "4.7"]
[White "Jodorcovsky Werjivker, Paulo"]
[Black "Rodriguez Vila, Andres"]
[Result "1/2-1/2"]
[WhiteElo "2257"]
[BlackElo "2480"]
[Annotator "TA"]
[PlyCount "111"]
[EventDate "2019.04.13"]
[EventType "swiss"]
[EventCountry "URU"]
[SourceTitle "playchess.com"]
[Source "ChessBase"]
[SourceQuality "1"]

{[%evp 15,111,16,59,55,55,51,60,53,60,10,19,19,97,97,133,52,62,32,32,37,36,26,33,27,22,30,47,40,41,49,68,58,71,43,55,19,19,18,22,0,10,0,0,0,0,0,0,0,0,0,0,0,0,0,0,0,0,0,0,0,0,0,0,0,0,0,0,0,0,0,0,0,0,0,0,0,0,0,0,0,0,0,0,0,0,0,0,0,0,0,0,0,0,0,0,0,0,0]} 1. d4 f5 2. g3 Nf6 3. Bg2 d6 4. Nf3 g6 5. O-O Bg7 6. b3 O-O 7. Bb2 c6 8. c4 h6 9. Nbd2 {A87: Dutch Defence: Leningrad System: 5 Nf3} Na6 10. Qc2 g5 11. a3 {White is slightly better.} Qe8 12. e4 fxe4 13. Nxe4 Qh5 $146 (13... Nxe4 $11 {keeps the balance.} 14. Qxe4 Bf5) ({Predecessor:} 13... Nxe4 14. Qxe4 Bf5 15. Qe3 Qf7 16. h4 g4 17. Nd2 Rae8 18. Bc3 Qg6 {1-0 (45) Vakhidov,J (2535)-Semiev,S (2317) Dushanbe 2015}) 14. Nxf6+ $16 Rxf6 {[#]} 15. Nd2 (15. d5 $1 $16) 15... Bh3 16. Bxh3 (16. Rae1 {with more complications.} Bxg2 17. Kxg2 Rf7 18. h3 Raf8 19. f3) 16... Qxh3 17. d5 Qf5 18. Qxf5 Rxf5 19. Bxg7 Kxg7 20. Rae1 Rf7 21. dxc6 bxc6 22. b4 Nc7 23. Nb3 Rb8 24. Nd4 Rb6 $1 25. Ne6+ Nxe6 {The position is equal.} 26. Rxe6 $11 {[%mdl 4096] Endgame KRR-KRR} Ra6 27. Re3 Ra4 28. Rfe1 a5 29. Rxe7 axb4 30. axb4 Rxb4 31. R7e4 Rb2 32. R1e2 Rxe2 33. Rxe2 {KR-KR} Kf6 34. Re8 Re7 35. Rh8 Kg7 36. Rd8 Re6 37. Kg2 Rf6 38. f3 Kf7 39. Rc8 c5 40. Kf2 Re6 41. Rh8 Kg7 42. Rd8 Kf6 43. Rh8 Ke5 {Hoping for ...Kd4.} 44. Ke3 $1 d5 45. cxd5 Kxd5+ 46. Kd3 c4+ 47. Kd2 Ra6 (47... Rf6 {is interesting.} 48. Rd8+ Kc5 49. Rc8+ Kb4 50. Rb8+ Kc5) 48. Rd8+ Rd6 49. Rxd6+ Kxd6 {K3P-K3P} 50. Kc3 Kd5 51. f4 gxf4 52. gxf4 h5 53. f5 Ke5 54. Kxc4 Kxf5 55. Kd3 Kg4 56. Ke4 {Accuracy: White = 68%, Black = 73%.} 1/2-1/2

[Event "FIDE Zonal 2.5 Open 2019"]
[Site "Montevideo"]
[Date "2019.04.15"]
[Round "4.8"]
[White "Real De Azua, Ernesto"]
[Black "Rodriguez, Santiago"]
[Result "1-0"]
[WhiteElo "2474"]
[BlackElo "2257"]
[Annotator "TA"]
[PlyCount "87"]
[EventDate "2019.04.13"]
[EventType "swiss"]
[EventCountry "URU"]
[SourceTitle "playchess.com"]
[Source "ChessBase"]
[SourceQuality "1"]

{[%evp 16,87,10,10,23,19,31,-33,-23,-52,8,8,8,0,11,0,3,11,7,0,8,-41,2,-47,-16,-97,-99,-82,-33,-26,-17,-31,-20,-41,-54,-70,-17,-97,-78,-56,-16,-54,0,0,0,0,0,-72,-14,-41,0,0,0,-4,408,392,847,848,821,776,663,600,1325,1279,1207,1088,1145,1143,966,831,1331,1314,1105,1126]} 1. d4 Nf6 2. c4 e6 3. Nc3 d5 4. cxd5 exd5 5. Bg5 Be7 6. e3 O-O 7. Bd3 c6 8. Qc2 h6 9. Bh4 Nh5 {D36: Queen's Gambit Declined: Exchange Variation: Main line (5 Bg5 c6 6 Qc2)} (9... Re8 10. Nge2 Nh5 11. Bxe7 Qxe7 12. h3 a5 13. a3 Nd7 14. Na4 Qh4 15. g3 Qd8 16. g4 Nhf6 17. Ng3 Nf8 18. O-O-O {1-0 (67) Caruana,F (2799)-Kramnik,V (2803) Douglas 2017}) 10. Bxe7 Qxe7 11. O-O-O (11. Nf3 $14) 11... a5 {Black is slightly better.} 12. h3 Na6 (12... Nf6 $15) 13. Bxa6 $1 $11 Rxa6 {[#]} 14. Nf3 $146 ({Predecessor:} 14. Nge2 Re8 15. g4 Nf6 16. Ng3 c5 17. dxc5 {½-½ (45) Miton,K (2604)-Leniart,A (2489) Poland 2018}) 14... Nf6 15. g4 Ne4 16. Ne5 Re8 17. Nd3 Ra8 18. Rde1 b6 19. f3 Nd6 20. e4 (20. h4 $11) 20... dxe4 $17 21. fxe4 Nb5 22. Nxb5 cxb5 23. Kb1 b4 24. Qf2 Ba6 25. Nf4 Rad8 ({Black should try} 25... Rac8 $15) 26. h4 {[#]} (26. Rhg1 $11 {remains equal.}) 26... Qd6 $1 27. d5 Re7 28. Rh3 Rde8 (28... Bc8 $1 $15) 29. Rhe3 $11 Qc5 {Strongly threatening ...Rxe4!} 30. Qd2 Qd6 31. Nh5 (31. Qf2 $11) 31... Qg6 (31... Bc8 $17) 32. Qd4 $1 Bc8 33. Nf4 $1 $36 {[%cal Rf4g6][%mdl 2048] Black is under pressure.} Qxg4 {[%mdl 64] [#] Double Attack} 34. d6 $1 {[%cal Rd6e7]} Rxe4 $2 {[%mdl 8192]} (34... Rb7 $11 {and Black stays safe.} 35. Nd5 f6) 35. Rxe4 $18 Rxe4 $2 (35... Bf5 36. Kc1 Bxe4 37. Rxe4 Rd8) 36. Rxe4 {White is clearly winning.} Bf5 37. Kc1 Bxe4 38. Qxe4 Qg1+ 39. Kd2 Qh2+ 40. Ke3 Qg1+ 41. Ke2 Qg4+ 42. Qf3 Qf5 43. Qa8+ Kh7 44. Kf3 {Accuracy: White = 44%, Black = 30%.} 1-0